| 000 | 00605nam a22001817a 4500 | ||
|---|---|---|---|
| 999 |
_c19459 _d19459 |
||
| 008 | 240301b ||||| |||| 00| 0 eng d | ||
| 020 | _a9781984856678 | ||
| 082 |
_aDC 650.14 _bSn921 2020 |
||
| 100 |
_aSnyder, Kirk. _953737 |
||
| 245 |
_aFinding work you love : _b3 steps to get the perfect job after college / _cKirk Snyder. |
||
| 260 |
_aUSA : _bTen Speed Press, _c©2020. |
||
| 300 |
_a215 pages : _billustrations ; _c22 cm. |
||
| 500 | _aIncludes index. | ||
| 650 |
_aCollege graduates _xEmployment. _954549 |
||
| 650 |
_aJob hunting. _954550 |
||
| 650 |
_aJob satisfaction. _948655 |
||
| 942 |
_2ddc _cDC |
||